000 01586nam a2200433 i 4500
001 26
003 KOSZ 005
005 20220322141447.0
008 040421s1974 pl a |000 0 pol
015 _aUWD 1975/987
035 _a991023126099705066
035 _a(PL-WaBN)b16233943-48omnis_nlop
035 _ab16233943
035 _a(OCoLC)749891495
035 _a(PL)b0000001623394
035 _a(EXLNZ-48OMNIS_NETWORK)9910504515205606
040 _aWA N
_cWA N
_d KOSZ 005/AR
_d KOSZ 005/HR
041 0 _apol
080 _a621.8
100 1 _aOchęduszko, Kazimierz
_d(1904-1991)
_eAutor
245 1 0 _aKoła zębate.
_nT. 1,
_pKonstrukcja /
_cKazimierz Ochęduszko.
250 _aWydanie 7 uzupełnione, poprawione i uaktualnione.
_b[redaktor naukowy VII wydania Tadeusz Witczak].
260 _aWarszawa :
_bWydawnictwa Naukowo-Techniczne,
_c1974
_e(Warsz :
_fDruk. im. Rewol. Paźdz.).
300 _a488 stron :
_b ilustracje ;
_c24 cm.
336 _aTekst
_btxt
_2rdacontent
337 _aBez urządzenia pośredniczącego
_bn
_2rdamedia
338 _aWolumin
_bnc
_2rdacarrier
380 _aKsiążki
504 _aBibliografia na stronach 469-480.
504 _aIndeks.
650 7 _aKoła zębate
_2DBN
650 7 _aPrzekładnie zębate
658 _aInżynieria i technika
700 _aWitczak, Tadeusz
_eRedakcja
710 2 _aWydawnictwa Naukowo-Techniczne
_4Wydawca
856 _uhttp://koha.tu.koszalin.pl/cgi-bin/koha/opac-detail.pl?biblionumber=26
_yKatalog online BPK
942 _2UKD
_cKS
999 _c26
_d26